000 00813 a2200229 4500
003 BJBSDDR
005 20260421125804.0
007 ta
008 260421b2007 nyu||||| |||| 00| 0 eng d
020 _a 9780325003627
020 _a 0325003629
040 _beng
_cBJBSDDR
041 _aeng
050 _bF614 2007
100 2 _aFletcher, Ralph J.
_948038
245 _aWriting workshop :
_bthe essential guide /
_cRalph J. Fletcher
260 _aPortsmouth, NH :
_bHeinemann ;
_c2007.
300 _a XII, 163 pages ;
_c23 cm .
520 _aRalph Fletcher is an American writer of children's picture books, young adult fiction, and poetry. He is also an educational consultant, and author of books for both children and professional educators on the art of writing.
942 _2lcc
_cBK
_n0
946 _isba
999 _c126871
_d126871